El principito

Saved in:
Bibliografiske detaljer
Hovedforfatter: Saint-Exupery, Antoine de (Author)
Format: Bog
Sprog:spansk
Udgivet: Santiago J.C. Sáez 2003
Fag:
Tags: Tilføj Tag
Ingen Tags, Vær først til at tagge denne postø!

MARC

LEADER 00000nam a2200000 a 4500
001 UCK2746
003 CL-VaPUC
008 050318e20030000CL |||||||||||||||||spa|d
020 |a 9567802513 
082 0 4 |a 843  |b SAI  |2 21 
100 0 |a Saint-Exupery, Antoine de  |e author  |9 315926 
245 1 3 |a El principito 
300 |a 95 p 
942 |c BK 
945 |d 20050318 00:00:00  |a cmena 
260 |a Santiago  |b J.C. Sáez  |c 2003 
500 |a Unica edición ilustrada con los dibujos originales del autor 
650 0 |a Novela francesa  |9 264985 
650 0 |a Literatura infantil   |9 307465 
650 0 |a Literatura francesa  |9 266330 
583 |a last modification  |c 20050318 00:00:00  |k Rodrigo Vera 
999 |c 312204  |d 312202 
952 |0 0  |1 0  |4 0  |6 843_000000000000000_SAI_2003  |7 0  |8 A  |9 382119  |a BIBMAT  |b BIBMAT  |d 2019-11-21  |i 4098617  |l 1  |o 843 SAI 2003  |p 4098617  |r 2025-01-07  |s 2022-03-09  |w 2019-11-21  |y BK  |k MAT